00540 2200193 4500001002100000005001500021008004100036020002200077035001900099041000700118082001100125090001700136100002300153700001800176245006000194260004000254300002800294650002400322INLIS00000000001115520241224114129241224||||||||| | ||| |||| || |  a978-602-9018-27-1 0010-1224011155 aid0 a610.73 a610.73 SUS c0 aSusatyo Herlambang0 aArita Murwani00aCara Mudah Memahami Manajemen Kesehatan dan Rumah Sakit aYogyakartabGosyen Publishingc2012 ax,153 hlm; ilus.; 20 cm 0aManajemen Kesehatan